000 00493nmm a2200157Ia 4500
008 251105s9999||||xx |||||||||||||||||und||
020 _a9788431520823
041 _aspa
100 _aEquipo de expertos 2100, Equipo de expertos 2100
245 0 _aErrores en el ajedrez
264 _a[Madrid, España] :
_bDe Vecchi,
_c[Fecha de publicación no identificada]
300 _a0 páginas
650 _aTravel & Sports
856 _uhttps://public.digitaliapublishing.com/a/123117
942 _cCF
999 _c80997
_d80997